| 000 | 01015cam a2200301 a 4500 | ||
|---|---|---|---|
| 001 | 6340 | ||
| 003 | BD-RjUL | ||
| 005 | 20211208234228.0 | ||
| 008 | 140111s1994 maua 001 0 eng | ||
| 020 | _a0201608359 : | ||
| 020 | _a0201964511 (computer disk) | ||
| 035 | _a(BD-RjUL)6380 | ||
| 040 |
_aDLC _cDLC _dDLC _dBD-RjUL _beng |
||
| 041 | _aeng | ||
| 082 | 0 | 0 |
_a005.4469 _220 _bCHD 1994 |
| 100 | 1 |
_aChappell, Geoff. _919957 |
|
| 245 | 1 | 0 |
_aDOS internals / _cby Geoff Chappell. |
| 260 |
_aReading, Mass. : _bAddison-Wesley, _cc1994. |
||
| 300 |
_axxvi, 738 p. : _bill. ; _c23 cm. |
||
| 500 | _aSystem requirements for computer disk: IBM-compatible PC; DOS 5.0 or 6.0; Microsoft C 6.0; Microsoft Macro Assembler 6.0; high-density floppy disk drive. | ||
| 500 | _aIncludes index. | ||
| 650 | 0 |
_aMS-DOS (Computer file) _919959 |
|
| 650 | 0 |
_aPC-DOS (Computer file) _919960 |
|
| 942 |
_2ddc _cBK |
||
| 999 |
_c6340 _d6340 |
||